AH International Schools' Libraries

Colours / (Record no. 49486)

MARC details
000 -LEADER
fixed length control field 00717nam a2200133 4500
020 ## - INTERNATIONAL STANDARD BOOK NUMBER
International Standard Book Number 9781908985026
100 ## - MAIN ENTRY--PERSONAL NAME
Personal name Grée, Alain,
Relator term author.
9 (RLIN) 52690
245 ## - TITLE STATEMENT
Title Colours /
Statement of responsibility, etc by by Alain Grée.
260 ## - PUBLICATION, DISTRIBUTION, ETC. (IMPRINT)
Place of publication, distribution, etc England ;
Name of publisher, distributor, etc Button Books :
Date of publication, distribution, etc 2012.
300 ## - PHYSICAL DESCRIPTION
Extent 22 pages.
Dimensions 6.46 x 0.51 x 6.5 inches.
500 ## - GENERAL NOTE
General note My First Book of Colors is a wonderful introduction for children into the amazing world of color. This book covers the colors that can be achieved by mixing different combinations of colors and the many different colors we find around us everyday. The book also covers primary colors and the different uses of color such as in signs and traffic lights.
650 ## - SUBJECT ADDED ENTRY--TOPICAL TERM
9 (RLIN) 76383
Topical term or geographic name as entry element Colors
Form subdivision Board book
942 ## - ADDED ENTRY ELEMENTS (KOHA)
Source of classification or shelving scheme
Koha item type Board Book
Holdings
Withdrawn status Lost status Source of classification or shelving scheme Damaged status Not for loan Home library Current library Date acquired Total Checkouts Full call number Barcode Checked out Date last seen Date checked out Price effective from Koha item type Public note
          Logos International School Logos International School 09/03/2025 1 BB GRE 042951 04/08/2026 11/20/2025 11/20/2025 09/03/2025 Board Book Colors

For any Logos Library related questions please contact Miss Art at swongnarasuk@asianhope.org.

For any Asian Hope Library related questions please contact Miss Raza at graza@asianhope.org.

Powered by Koha